IZ*ONE all songs (2018-2021) - Statistics

General Stats
  • This quiz has been taken 86 times
    23 since last reset
  • The average score is 17 of 58
Answer Stats
Hint Answer % Correct
COLOR*IZ La Vie en Rose
87%
Suki To Iwasetai Suki to Iwasetai
87%
BLOOM*IZ FIESTA
80%
One-reeler Panorama
80%
Vampire Vampire
80%
HEART*IZ Violeta
80%
Buenos Aires Buenos Aires
73%
COLOR*IZ Colors
73%
Oneiric Diary Secret Story of the Swan
73%
COLOR*IZ O' My!
60%
BLOOM*IZ AYAYAYA
53%
Twelve Beware
53%
BLOOM*IZ SO CURIOUS
47%
BLOOM*IZ SPACESHIP
47%
HEART*IZ Airplane
40%
One-reeler Sequence
40%
HEART*IZ Up
40%
Oneiric Diary Merry-Go-Round
33%
One-reeler Mise-en-Scène
33%
Oneiric Diary Pretty
33%
BLOOM*IZ Destiny
27%
COLOR*IZ We Together
27%
BLOOM*IZ DREAMLIKE
27%
BLOOM*IZ EYES
27%
HEART*IZ Highlight
27%
COLOR*IZ Memory
27%
One-reeler O Sole Mio
27%
BLOOM*IZ PINK BLUSHER
27%
Oneiric Diary With*One
27%
Buenos Aires Toshishita Boyfriend
20%
One-reeler Slow Journey
20%
Oneiric Diary Welcome
20%
BLOOM*IZ DAYDREAM
13%
BLOOM*IZ Someday
13%
Buenos Aires Human Love
13%
One-reeler Island
13%
BLOOM*IZ OPEN YOUR EYES
13%
Twelve Shy boy
13%
HEART*IZ Sunflower
13%
BLOOM*IZ YOU & I
13%
Twelve Yummy Summer
13%
COLOR*IZ As We Dream
7%
Vampire Fukigen Lucy
7%
Suki To Iwasetai Happy Farewell
7%
Suki To Iwasetai I Want To Be A Cat
7%
Vampire Love Bubble
7%
COLOR*IZ Nekkoya
7%
HEART*IZ Really Like You
7%
Oneiric Diary Rococo
7%
Buenos Aires Target
7%
Buenos Aires Tomorrow
7%
Twelve Waiting
7%
Twelve Dousurebaii?
0%
Suki To Iwasetai It's Okay
0%
Vampire Kimi Igai
0%
Vampire Shigaisen Nanka Buttobase
0%
Suki To Iwasetai Untill I Remember The Dance
0%
COLOR*IZ You're In Love, Right?
0%
No matching quizzes found
Score Distribution
Percent of People with Each Score
Percentile by Number Answered
Your Score History
You have not taken this quiz since the last reset